Liedtext - Bella Napoli - Roy Bianco & Die Abbrunzati Boys - Statistiken

Allgemein
  • Dieses Quiz wurde 194 mal gespielt
  • Das Durchschnittsergebnis liegt bei 70 aus 87
Antwortstatistiken
Antwort % Korrekt
Bella
100%
Bella
100%
Bella
100%
Bella
100%
Bella
100%
Bella
100%
Bella
100%
Napoli
100%
Napoli
100%
Napoli
100%
ich
95%
ich
95%
ich
95%
Ein
92%
Ein
92%
Ein
92%
im
90%
im
90%
im
90%
weiß
90%
weiß
90%
träum
89%
Traum
89%
Traum
89%
den
88%
liegt
88%
liegt
88%
liegt
88%
mein
88%
In
86%
in
86%
in
86%
Herz
85%
von
84%
von
84%
blau
83%
du
83%
du
83%
du
83%
genau
83%
hab
83%
Hab
83%
meine
83%
Stadt
83%
und
83%
und
83%
dich
82%
Eines
82%
schlägt
82%
das
80%
denn
80%
gefunden
80%
mir
80%
mir
80%
mit
80%
Neapel
78%
bist
77%
Schatten
77%
des
76%
diesen
75%
gut
74%
wird
74%
wieder
73%
Alles
72%
nur
72%
dir
71%
eins
70%
Glück
69%
will
69%
bisschen
68%
Vesuvs
68%
Blu
67%
Azzuro
66%
Blick
62%
keine
62%
Angst
60%
vor
60%
Nächten
59%
Liebe
57%
macht
57%
musst
56%
Wind
56%
blind
55%
weißt
55%
Doch
54%
vertrauen
53%
Gefühl
52%
Keine übereinstimmenden Quizze gefunden
Verteilung der Resultate
Anzahl Personen mit jedem Resultat
Perzentil nach korrekt beantworteten Fragen
Ihre Resultats-Entwicklung
Sie haben dieses Quiz noch nicht gespielt